[Event "Ruhrgebiet VK2 0001"]
[Site "Ruhrgebiet"]
[Date "2001.04.22"]
[Round "8"]
[White "Grzecha, Reinhold"]
[Black "Zekat, Uwe"]
[Result "1/2-1/2"]
[WhiteElo "1630"]
[BlackElo "1778"]
[PlyCount "54"]
[EventDate "2000.09.17"]
[EventType "team-tourn"]
[EventRounds "9"]
[EventCountry "GER"]
[SourceTitle "EXT 2023"]
[Source "ChessBase"]
[SourceDate "2022.10.05"]
[SourceVersion "1"]
[SourceVersionDate "2022.10.05"]
[SourceQuality "1"]
[WhiteTeam "Neu Herne Zeppelin"]
[BlackTeam "Hamm Koenigsspringer"]
[WhiteTeamCountry "GER"]
[BlackTeamCountry "GER"]

1. f4 e6 2. Nf3 Nf6 3. Nc3 b6 4. e4 Bb7 5. e5 Nd5 6. Nxd5 Bxd5 7. d4 d6 8. Be2 Be7 9. 0-0 0-0 10. Bd3 Nd7 11. Qe1 c5 12. c3 g6 13. Be4 f5 14. exd6 Bxe4 15. dxe7 Qxe7 16. Be3 h6 17. Ne5 Nxe5 18. fxe5 Kg7 19. Rd1 Rad8 20. Qe2 cxd4 21. Rxd4 Rxd4 22. cxd4 Rc8 23. Rc1 Rxc1+ 24. Bxc1 Qb4 25. Qd2 Qxd2 26. Bxd2 g5 27. g3 Kg6 1/2-1/2

[Event "Ruhrgebiet VK2 0001"]
[Site "Ruhrgebiet"]
[Date "2000.11.19"]
[Round "3"]
[White "Grzecha, Reinhold"]
[Black "Richter, Juergen"]
[Result "0-1"]
[WhiteElo "1630"]
[BlackElo "1944"]
[PlyCount "64"]
[EventDate "2000.09.17"]
[EventType "team-tourn"]
[EventRounds "9"]
[EventCountry "GER"]
[SourceTitle "EXT 2023"]
[Source "ChessBase"]
[SourceDate "2022.10.05"]
[SourceVersion "1"]
[SourceVersionDate "2022.10.05"]
[SourceQuality "1"]
[WhiteTeam "Neu Herne Zeppelin"]
[BlackTeam "Steele/Kray Rochade"]
[WhiteTeamCountry "GER"]
[BlackTeamCountry "GER"]

1. f4 d5 2. Nf3 Nf6 3. e3 Bg4 4. Be2 e6 5. 0-0 Nbd7 6. d4 Bxf3 7. Rxf3 c6 8. Nd2 Bd6 9. Bd3 Qc7 10. Qe2 0-0-0 11. c3 h6 12. b4 g5 13. g3 gxf4 14. exf4 Rhg8 15. Nf1 h5 16. h3 Rg7 17. Kf2 Rdg8 18. Ke1 Kb8 19. Be3 Ne4 20. Bxe4 dxe4 21. Rf2 Rh7 22. a4 f5 23. h4 Nf6 24. Kd2 Rhg7 25. Rg2 Ng4 26. a5 Nxe3 27. Kxe3 Bxf4+ 28. Kf2 Bxg3+ 29. Nxg3 Rxg3 30. Rag1 Qf4+ 31. Ke1 Qc1+ 32. Kf2 e3+ 0-1

[Event "Ruhrgebiet VK2 0001"]
[Site "Ruhrgebiet"]
[Date "2000.10.15"]
[Round "2"]
[White "Grzecha, Reinhold"]
[Black "Schneider, Hans Joachim"]
[Result "0-1"]
[WhiteElo "1630"]
[BlackElo "1922"]
[PlyCount "60"]
[EventDate "2000.09.17"]
[EventType "team-tourn"]
[EventRounds "9"]
[EventCountry "GER"]
[SourceTitle "EXT 2023"]
[Source "ChessBase"]
[SourceDate "2022.10.05"]
[SourceVersion "1"]
[SourceVersionDate "2022.10.05"]
[SourceQuality "1"]
[WhiteTeam "Neu Herne Zeppelin"]
[BlackTeam "Bottrop"]
[WhiteTeamCountry "GER"]
[BlackTeamCountry "GER"]

1. f4 Nc6 2. Nf3 g6 3. e4 d6 4. d4 e6 5. Bb5 Bd7 6. 0-0 Bg7 7. c4 a6 8. Bxc6 bxc6 9. e5 Ne7 10. Nc3 d5 11. c5 0-0 12. Nh4 f6 13. Bd2 Rb8 14. b3 Nf5 15. Nxf5 exf5 16. Ne2 Qe7 17. Rf3 fxe5 18. fxe5 g5 19. g3 Rbe8 20. Qc1 h6 21. h4 f4 22. hxg5 hxg5 23. gxf4 Bg4 24. Rf2 Bxe2 25. Rxe2 gxf4 26. Rf2 f3 27. Qc3 Qh4 28. Rxf3 Rxf3 29. Qxf3 Qxd4+ 30. Qe3 Qxa1+ 0-1